000
00211nam a22000977a 4500
082
_a
824
_b
SRE/E
245
_a
ESSENTIAL SCHOOL ESSAYS
260
_a
MUMBAI
_b
SHREE BOOK CENTRE
650
_a
ESSAY
_z
MUMBAI
942
_c
BK
999
_c
3724
_d
3724